| 000 | 01936nam a2200433 a 4500 | ||
|---|---|---|---|
| 001 | 00003864 | ||
| 003 | DO-SdBNP | ||
| 005 | 20180306090541.0 | ||
| 007 | 00003864 | ||
| 008 | 110712s2013 dr ac 000 0 spa d | ||
| 020 | _a9945495348 | ||
| 040 |
_aBPMSU _bspa _cBPMSU |
||
| 082 | 0 | 4 |
_a372.6561 _bB862L 4to. 2013 |
| 100 | 1 | _aBrito, Ilda | |
| 245 | 1 | 0 |
_aLengua española 4 : _b[educación básica] / _cIlda Brito; Karolyn Guzmán ; producción editorial María del Jesús de la Rosa ; ilustración Ramón Sandoval. |
| 250 | _aEdición revisada y actualizada | ||
| 260 |
_aSanto Domingo : _bActualidad Escolar 2000. _c2013. |
||
| 300 |
_a2v. : _bil., retrs. ; _c28 cm. |
||
| 500 | _aCuarto grado. Primer ciclo educación básica | ||
| 500 | _aTexto original elaborado por Fiume Gómez | ||
| 500 | _aEdición revisada y actualizada al 2013 | ||
| 500 | _aIncluye el libro del maestro. | ||
| 504 | _aBibliografía: p. 176 | ||
| 505 | 0 |
_gUnidad 1 -- _tMi primer día de clases -- _gUnidad 2 -- _tA Quisqueya -- _gUnidad 3 -- _tEl águila y la asamblea de los animales -- _gUnidad 4 -- _tCostumbres y leyendas de mi país -- _gUnidad 5 -- _tEl ritmo de las ideas -- _gUnidad 6 -- _tRelatos maravillosos -- _gUnidad 7 -- _tLos encantos de Arroyo Frío -- _gUnidad 8 -- _t¡Qué dulce es la miel! -- |
|
| 650 | 4 |
_aESPAÑOL _xLIBROS DE TEXTOS |
|
| 650 | 4 |
_aESPAÑOL _xEDUCACIÓN PRIMARIA |
|
| 650 | 4 |
_aESPAÑOL _xESTUDIOS Y EJERCÍCIOS |
|
| 650 | 4 |
_aESPAÑOL _xENSEÑANZA BÁSICA |
|
| 650 | 4 |
_aEDUCACIÓN PRIMARIA _zREPÚBLICA DOMINICANA |
|
| 700 | 1 |
_a Brito, Ilda _tLengua española 4 |
|
| 700 | 1 | _aGuzmán, Karolyn | |
| 700 | 1 |
_aRosa, María del Jesús de la, _eed. |
|
| 700 | 1 |
_aSandoval, Ramón, _eil. |
|
| 700 | 1 |
_aGómez, Fiume. _tLengua española 4. |
|
| 910 | _aValidado. Control de calidad MFF | ||
| 942 |
_2ddc _cBK |
||
| 945 | _aRemanejado para la BNPHU / 2018 VM | ||
| 956 |
_aLOPEREZ _b10 _c20160414 _lBPMSU _h00041 |
||
| 999 |
_c9773 _d9773 |
||